AS Monaco | Effectif Ligue 1 - 2024/2025 - Statistiques

Statistiques générales
  • Ce quiz a été pris 154 fois
  • Le résultat moyen est 21 sur 26
Statistiques - réponses
Poste Joueurs Nationalité Numéro % Correct
Attaquant Takumi Minamino 18
96%
Attaquant Breel Embolo 36
95%
Attaquant Folarin Balogun 9
94%
Attaquant Maghnes Akliouche 11
93%
Milieu de terrain Aleksandr Golovin 10
92%
Défenseur Thilo Kehrer 5
92%
Attaquant Eliesse Ben Seghir 7
91%
Défenseur Caio Henrique 12
90%
Défenseur Vanderson 2
90%
Milieu de terrain Denis Zakaria 6
89%
Milieu de terrain Lamine Camara 15
86%
Attaquant Mika Biereth 14
86%
Défenseur Wilfried Singo 17
86%
Coach Adi Hütter
85%
Gardien de but Philipp Köhn 16
84%
Gardien de but Radoslaw Majecki 1
84%
Défenseur Mohammed Salisu 22
81%
Attaquant Krépin Diatta 27
80%
Milieu de terrain Soungoutou Magassa 88
71%
Défenseur Christian Mawissa 13
68%
Défenseur Jordan Teze 4
68%
Milieu de terrain Moatasem Al-Musrati 8
68%
Attaquant George Ilenikhena 21
67%
Gardien de but Yann Lienard 50
65%
Défenseur Kassoum Ouattara 20
60%
Milieu de terrain Edan Diop 37
42%
Aucun quiz correspondant
Distribution des résultats
% des personnes avec chaque résultat
Percentile par nombre de réponses
Votre historique - résultats
Vous n’avez pas pris ce quiz